| 000 | 01084nam a22002657a 4500 | ||
|---|---|---|---|
| 003 | BD-DhSAU | ||
| 005 | 20181203160122.0 | ||
| 008 | 160419b2014 bg ||||| |||| 001 0 eng d | ||
| 040 | _aBD-DhSAU | ||
| 082 |
_222 _a338.1 _bB6241 |
||
| 100 |
_aBithi, Sharmin Zahan _eRegistration # 08-02676 |
||
| 245 |
_aComparative economic analysis of bean and bottle gourd production in selected area of Gopalgonj District / _bMS thesis |
||
| 260 |
_aSher-e-Bangla Agricultural Uniersity : _bDepartment of Agricultural Economics, _c2014 |
||
| 300 |
_avii, 50 p. : _bill. ; _c30 cm. |
||
| 500 | _aMS thesis of Department of Department of Agricultural Economics, Faculty of Agriculture, Sher-e-Bangla Agricultural University, Dhaka, Bangladesh | ||
| 590 | _aMd. Sirajul Islam | ||
| 650 | _aEconomic | ||
| 650 | _aBean | ||
| 650 | _aBottle gourd | ||
| 650 | _aGourd | ||
| 700 |
_aJalil, M. A. _eSupervisor |
||
| 700 |
_aHuq, A. S. M. Anwarul _eCo-Supervisor |
||
| 856 |
_u http://archive.saulibrary.edu.bd:8080/xmlui/handle/123456789/1755 _yOnline Access |
||
| 942 |
_2ddc _cTHESIS |
||
| 999 |
_c13287 _d13286 |
||